[Event "Titled Tuesday intern op 14th July"]
[Site "Chess.com INT"]
[Date "2020.07.14"]
[Round "1"]
[White "Lorenzana, Wilson Estuardo"]
[Black "Jaracz, Pawel"]
[Result "1/2-1/2"]
[WhiteElo "2220"]
[BlackElo "2456"]
[PlyCount "206"]
[EventDate "2020.07.14"]
[EventType "swiss (blitz)"]
[EventRounds "10"]
[EventCountry "USA"]
[SourceTitle "CBM 197 Extra"]
[Source "ChessBase"]
[SourceDate "2020.09.30"]
[SourceVersion "1"]
[SourceVersionDate "2020.09.30"]
[SourceQuality "1"]

1. e4 e5 2. Nf3 Nc6 3. Bc4 Bc5 4. c3 Nf6 5. d3 d6 6. a4 a6 7. a5 h6 8. Nbd2 0-0 9. Qb3 Qe8 10. 0-0 Nh5 11. Re1 Kh7 12. Nf1 Ba7 13. Ng3 Nxg3 14. hxg3 g6 15. Be3 Bxe3 16. Rxe3 Kg7 17. d4 Qe7 18. Bd5 Bd7 19. Qc4 Rac8 20. b4 Nd8 21. Qb3 c6 22. Bc4 Bg4 23. Rd1 Qf6 24. dxe5 dxe5 25. Red3 Ne6 26. Bxe6 Bxe6 27. Qc2 Bg4 28. Qe2 Rcd8 29. Qe3 Rxd3 30. Rxd3 Qe7 31. Nd2 Rd8 32. Rxd8 Qxd8 33. f3 Be6 34. Kf2 h5 35. Ke2 h4 36. gxh4 Qxh4 37. Qf2 Qf4 38. g3 Qh6 39. Nf1 Qc1 40. Qe1 Bc4+ 41. Kf2 Qh6 42. Ne3 Qh2+ 43. Ng2 Be6 44. Qg1 Qh6 45. Ne3 f5 46. Ke2 Qg5 47. Qh2 f4 48. gxf4 exf4 49. Ng2 Bc4+ 50. Kf2 Qf6 51. Qxf4 Qxc3 52. Qd6 Bf7 53. Ne3 Qf6 54. Qxf6+ Kxf6 55. f4 g5 56. fxg5+ Kxg5 57. Kf3 Bh5+ 58. Kg3 Kf6 59. Kf4 Ke6 60. Nc4 Be2 61. Nb6 Kd6 62. e5+ Ke6 63. Ke4 Bf1 64. Kd4 Bg2 65. Nc4 Kd7 66. Nd6 Kc7 67. Kc5 Bd5 68. Ne8+ Kd7 69. Nf6+ Ke6 70. Kd4 Bg2 71. Ne8 Kd7 72. Nd6 Kc7 73. Nf5 Bh3 74. Ne3 Be6 75. Nc2 b6 76. axb6+ Kxb6 77. Na3 Bf7 78. Kc3 Be6 79. Kd4 Bg8 80. Nc2 a5 81. bxa5+ Kxa5 82. Kc5 Ka4 83. Nd4 Ka5 84. Nxc6+ Ka6 85. Kd6 Kb6 86. Ne7 Bf7 87. Nf5 Kb7 88. Nd4 Kc8 89. Nc6 Be8 90. Ne7+ Kd8 91. Nd5 Ba4 92. e6 Ke8 93. e7 Kf7 94. Nc7 Be8 95. Ne6 Ba4 96. Nc5 Bb5 97. Nd7 Ke8 98. Ne5 Ba4 99. Nc4 Bd1 100. Nb6 Bh5 101. Nd5 Kf7 102. Nf6 Kxf6 103. e8Q Bxe8 1/2-1/2

[Event "Titled Tuesday intern op 14th July"]
[Site "Chess.com INT"]
[Date "2020.07.14"]
[Round "4"]
[White "Thavandiran, Shiyam"]
[Black "Lorenzana, Wilson Estuardo"]
[Result "0-1"]
[WhiteElo "2420"]
[BlackElo "2220"]
[PlyCount "80"]
[EventDate "2020.07.14"]
[EventType "swiss (blitz)"]
[EventRounds "10"]
[EventCountry "USA"]
[SourceTitle "CBM 197 Extra"]
[Source "ChessBase"]
[SourceDate "2020.09.30"]
[SourceVersion "1"]
[SourceVersionDate "2020.09.30"]
[SourceQuality "1"]

1. e4 c5 2. Nf3 e6 3. d4 cxd4 4. Nxd4 a6 5. Bd3 Bc5 6. Nb3 Be7 7. Be3 d6 8. N1d2 Nd7 9. f4 Ngf6 10. Qe2 Qc7 11. c3 b6 12. g4 g6 13. g5 Nh5 14. Nf1 Bb7 15. Ng3 Ng7 16. 0-0-0 a5 17. Nd4 Rc8 18. Kb1 0-0 19. h4 e5 20. Nf3 exf4 21. Bxf4 Ne6 22. Bc1 Ne5 23. Bc2 Qc4 24. Qg2 a4 25. a3 Rfd8 26. h5 Nxf3 27. Qxf3 d5 28. hxg6 fxg6 29. Rxh7 Rf8 30. Qh1 Rf2 31. Rh8+ Kf7 32. Rxc8 Qxc8 33. exd5 Ng7 34. Ne4 Rxc2 35. Kxc2 Qc4 36. Qf1+ Qxf1 37. Rxf1+ Nf5 38. c4 b5 39. Kc3 bxc4 40. Kxc4 Ba6+ 0-1

[Event "Guatemala op"]
[Site "Guatemala City"]
[Date "2019.01.12"]
[Round "8"]
[White "Cardenas Carbajal, Nilson"]
[Black "Lorenzana, Wilson Estuardo"]
[Result "1/2-1/2"]
[WhiteElo "2095"]
[BlackElo "2285"]
[PlyCount "106"]
[EventDate "2019.01.09"]
[EventType "swiss"]
[EventRounds "9"]
[EventCountry "GUA"]
[SourceTitle "CBM 188 Extra"]
[Source "ChessBase"]
[SourceDate "2019.02.28"]
[SourceVersion "1"]
[SourceVersionDate "2019.02.28"]
[SourceQuality "1"]

1. e4 c5 2. d4 cxd4 3. c3 d3 4. Bxd3 d6 5. Nf3 e6 6. c4 Nd7 7. 0-0 Ngf6 8. Nc3 a6 9. Bf4 Qc7 10. Qd2 Be7 11. Rac1 0-0 12. Rfd1 Ne5 13. Be2 b6 14. Bg5 Rd8 15. Nxe5 dxe5 16. Qe3 Bb7 17. a3 h6 18. Bh4 Rxd1+ 19. Rxd1 Ng4 20. Qg3 Nf6 21. Qe3 Rd8 22. Rxd8+ Bxd8 23. b4 Nd7 24. Bxd8 Qxd8 25. f3 Kf8 26. Na4 Bc6 27. Nb2 f5 28. Nd3 Qf6 29. c5 b5 30. Nf2 Qe7 31. Bd3 Qf6 32. Qd2 f4 33. Bc2 Qe7 34. Bb3 h5 35. Qa2 Kf7 36. Nh3 Kf6 37. Nf2 g5 38. a4 Nf8 39. axb5 axb5 40. Qd2 Qd7 41. Qxd7 Bxd7 42. Kf1 Bc6 43. h3 Nd7 44. Ke2 Nb8 45. Kd2 Bd7 46. Kc3 Nc6 47. Bd1 Nd4 48. Nd3 Bc6 49. Nf2 Bd7 50. Nd3 Bc6 51. Ne1 Bd7 52. Nc2 Nxc2 53. Kxc2 h4 1/2-1/2